| 000 | 00883nam a2200277 a 4500 | ||
|---|---|---|---|
| 001 | 000049067 | ||
| 005 | 20200120222625.0 | ||
| 008 | 030924s2007 sp a er0 p spa d | ||
| 020 | _a9788437611655 | ||
| 090 |
_aAP _bQUEpr |
||
| 100 | 0 |
_aQuevedo, Francisco de , _d1580-1645 |
|
| 245 | 1 | 0 |
_aProsa festiva completa / _cFrancisco de Quevedo ; edición de Celsa Carmen García-Valdés. |
| 250 | _a2a. ed. | ||
| 260 |
_aMadrid : _bCátedra, _c2007. |
||
| 300 | _a567 p. | ||
| 490 |
_aLetras Hispánicas _v363 |
||
| 500 | _aIncluye índice | ||
| 500 | _aEj.1 de Mosquera donado por la Biblioteca Nacional - PNLB 2012. | ||
| 650 | 1 | 4 | _aLiteratura española |
| 650 | 2 | 4 | _aPoesía española |
| 650 | 2 | 4 | _aProsa española |
| 650 | 2 | 4 | _aEnsayos españoles |
| 650 | 2 | 4 | _aAmor en la literatura |
| 650 | 2 | 4 | _aSátiras en la literatura |
| 700 | 1 |
_aGarcía Valdés, Celsa Carmen, _eed. |
|
| 999 |
_c3227 _d3227 |
||